¿Sistemas sociales sin caracteres en endógenos ? /
Gorde:
| Egile nagusia: | |
|---|---|
| Formatua: | Texto |
| Gaiak: | |
| Etiketak: |
Etiketa erantsi
Etiketarik gabe, Izan zaitez lehena erregistro honi etiketa jartzen!
|
MARC
| LEADER | 00000 a a2200000 04500 | ||
|---|---|---|---|
| 001 | 18955 | ||
| 003 | |||
| 040 | |||
| 100 | |a Novak, Mojca | ||
| 245 | |a ¿Sistemas sociales sin caracteres en endógenos ? / |c Mojca Novak | ||
| 650 | |a SISTEMA SOCIAL | ||
| 650 | |a SISTEMAS POLITICOS | ||
| 650 | |a DEMOCRATIZACION | ||
| 650 | |a CAMBIO ECONOMICO | ||
| 650 | |a DEPENDENCIA ECONOMICA | ||
| 650 | |a MODERNIZACION | ||
| 650 | |a INDUSTRIALIZACION | ||
| 650 | |a CONF | ||
| 773 | |g número 82 -83; páginas 167-183 | ||
| 999 | |c 34112 |d 34112 | ||
